[Event "15th IT Zenica 2011"]
[Site "Zenica"]
[Date "2011.11.19"]
[Round "9.1"]
[White "Mestrovic, Zvonimir"]
[Black "Radlovacki, Jovan"]
[Result "1/2-1/2"]
[WhiteElo "2372"]
[BlackElo "2429"]
[PlyCount "53"]
[EventDate "2011.11.13"]

1. d4 d5 2. Nc3 c6 3. Nf3 Bf5 4. e3 e6 5. Bd3 Nd7 6. e4 dxe4 7. Nxe4 Ngf6 8.
Nxf6+ Nxf6 9. Bxf5 Qa5+ 10. c3 Qxf5 11. O-O Bd6 12. Re1 O-O-O 13. Qe2 Nd7 14.
Qe4 Qd5 15. Ng5 Rdf8 16. Qe2 h6 17. Nf3 Rd8 18. c4 Qh5 19. Be3 Rhe8 20. g3 Bb4
21. Red1 e5 22. d5 e4 23. Nd4 Qxe2 24. Nxe2 c5 25. a3 Ba5 26. Rab1 Bb6 27. b4
1/2-1/2

[Event "15th IT Zenica 2011"]
[Site "Zenica"]
[Date "2011.11.19"]
[Round "9.3"]
[White "Novoselski, Zoran"]
[Black "Trkulja, Goran"]
[Result "1/2-1/2"]
[WhiteElo "2376"]
[BlackElo "2371"]
[PlyCount "25"]
[EventDate "2011.11.13"]

1. d4 d5 2. c4 c6 3. Nf3 Nf6 4. cxd5 cxd5 5. Nc3 Nc6 6. Bf4 a6 7. e3 e6 8. Ne5
Nxe5 9. Bxe5 Be7 10. Bd3 Bd7 11. O-O Rc8 12. Rc1 b5 13. a4 1/2-1/2

[Event "15th IT Zenica 2011"]
[Site "Zenica"]
[Date "2011.11.19"]
[Round "9.4"]
[White "Radic, Bojan"]
[Black "Dizdarevic, Emir"]
[Result "0-1"]
[WhiteElo "2165"]
[BlackElo "2485"]
[PlyCount "68"]
[EventDate "2011.11.13"]

1. e4 c6 2. d4 d5 3. e5 Bf5 4. Be2 e6 5. Nf3 c5 6. c3 Nc6 7. O-O Nh6 8. a3 Bg6
9. b4 cxd4 10. cxd4 Nf5 11. Bb2 Be7 12. Nbd2 O-O 13. Nb3 Rc8 14. Qd2 Bh5 15. h3
Nh4 16. Nxh4 Bxe2 17. Qxe2 Bxh4 18. f4 Be7 19. Bc1 a5 20. b5 Qb6 21. Qd3 a4 22.
bxc6 axb3 23. cxb7 Rb8 24. Rb1 Rxb7 25. Rf3 Rfb8 26. Kh2 Qc6 27. Qd2 Rc8 28.
Bb2 Qc2 29. Qe1 Ra8 30. Rf2 Qg6 31. Qc1 Rbb8 32. Ra1 Rc8 33. Qd1 Bh4 34. Rf3
Rc2 0-1